| 000 | 00000nam##2200000za#4500 |
| 001 | 9.648248 |
| 003 | CaOODSP |
| 005 | 20210615113013 |
| 007 | ta |
| 008 | 150407|2001||||xxc||||| f|0| 0 eng|d |
| 020 | |a0-662-30785-2 |
| 040 | |aCaOODSP|beng |
| 043 | |an-cn--- |
| 086 | 1 |aEn37-131/2001E |
| 110 | 1 |aCanada.|bEnvironment Canada. |bEnvironmental Economics Branch. |
| 245 | 10|aMunicipal water pricing, 1991-1999 / |cby David Burke, Luis Leigh and Valerie Sexton. |
| 260 | |aOttawa - Ontario : |bEnvironment Canada. |c2001. |
| 300 | |aiv, 54p. (Pp. 16-53 are tables.) : |bgraphs, references, tables ; |c28 cm. |
| 500 | |aCanadian cataloguing in publication (CIP) data printed on this publication. |
| 563 | |aRing binding |
| 590 | |a01-35|b2001-08-31 |
| 690 | 07|aWater|2gcpds |
| 690 | 07|aDrinking water|2gcpds |
| 690 | 07|aWater quality|2gcpds |
| 690 | 07|aWater management|2gcpds |
| 720 | 1 |aBurke, David. |
| 720 | 1 |aLeigh, Luis. |
| 720 | 1 |aSexton, Valerie. |
| 775 | 08|tTarification municipale de l'eau, 1991-1999 / |w(CaOODSP)9.681556 |
| 776 | 0#|tMunicipal water pricing, 1991-1999 / |w(CaOODSP)9.695500 |